00373nam a2200157Ia 4500001000500000005001700005008004100022041000800063082001800071100002500089245004800114260000900162300002800171650000800199654000800207510320260306145843.0260306t2019||||xx |||||||||||||| ||spa|| aESP a333.0985bL98 aLuna, Pablo F.,eAUT 0aHaciendas en el mundo andino, siglos XVI-XX c2019 a253 páginas :c24 cm. aGEN aCAN